000 00459nam a2200193Ia 4500
005 20230918085107.0
008 131103s9999 xx 000 0 und d
020 _a552134066
040 _aLoreto College
041 _aEnglish
082 _aF
_bMIC
100 _aMichener,James H.
245 _aAlaska
_cJames A.Michener
260 _aLondon
_bCorgi Books
_c1988
300 _a1274 p.
650 _aFiction in English
850 _aLCLIB
942 _cBK
999 _c14257
_d64736